Женщина + мужчина = ? !

Podrobná bibliografie
Hlavní autor: Обозов Н. Н. Николай Николаевич
Jazyk:ruština
Vydáno: СПб., Облик, 2000
Témata:
Médium: MixedMaterials Kniha
KOHA link:https://koha.lib.tpu.ru/cgi-bin/koha/opac-detail.pl?biblionumber=25058

MARC

LEADER 00000nam0a2200000 4500
001 25058
005 20231030200612.0
010 |a 5859761775 
035 |a (RuTPU)RU\TPU\book\25294 
035 |a BOOK00025368 
090 |a 25058 
100 |a 20011209d2000 m y0rusy50 ca 
101 0 |a rus 
102 |a RU 
105 |a y z 000zy 
200 1 |a Женщина + мужчина = ? !  |f Н. Н. Обозов 
210 |a СПб.  |c Облик  |d 2000 
215 |a 111 с. 
610 1 |a психология 
610 1 |a пол 
610 1 |a личность 
610 1 |a мужчины 
610 1 |a женщины 
686 |a Ю937.3  |v LBC/SL-A  |2 rubbk 
700 1 |a Обозов  |b Н. Н.  |g Николай Николаевич 
801 0 |a RU  |b 63413507  |c 20011209  |g PSBO 
801 2 |a RU  |b 63413507  |c 20120312  |g PSBO 
942 |c BK